Statistics for 2021 MLB Trade Deadline Quiz

Click here to take the quiz!

General Stats

  • This quiz has been taken 190 times
  • The average score is 10 of 15

Answer Stats

Old TeamNew TeamPlayer% Correct
CubsYankeesAnthony Rizzo
92%
CubsMetsJavier Báez
85%
CubsGiantsKris Bryant
84%
NationalsDodgersMax Scherzer
79%
NationalsDodgersTrea Turner
79%
CubsWhite SoxCraig Kimbrel
70%
RangersYankeesJoey Gallo
68%
NationalsRed SoxKyle Schwarber
63%
TwinsBlue JaysJosé Berríos
61%
MarlinsAthleticsStarling Marte
61%
PiratesPadresAdam Frazier
57%
IndiansBravesEddie Rosario
54%
MarinersAstrosKendall Graveman
52%
RangersPhilliesKyle Gibson
45%
NationalsAthleticsYan Gomes
36%

Score Distribution

Percentile by Number Answered

Percent of People with Each Score

Your Score History

You have not taken this quiz